Harmonizace daňových systémů zemí Evropské unie

Gespeichert in:
Bibliographische Detailangaben
1. Verfasser: Nerudová, Danuše
Format: Buch
Sprache:Tschechisch
Veröffentlicht: Praha Wolters Kluwer 2014
Ausgabe:4. aktualizované a doplněné vydání
Schriftenreihe:Daňová řada
Schlagworte:
Tags: Tag hinzufügen
Keine Tags, Fügen Sie das erste Tag hinzu!

MARC

LEADER 00000nam a2200000 4500
001 0240926
005 20221019092515.3
020 |a 978-80-7478-626-6 
041 0 |a cze 
044 |a CZ 
245 1 0 |a Harmonizace daňových systémů zemí Evropské unie  |c Danuše Nerudová 
250 |a 4. aktualizované a doplněné vydání 
264 1 |a Praha  |b Wolters Kluwer  |c 2014 
300 |a 332 s. 
490 1 |a Daňová řada 
830 0 |a Daňová řada 
610 2 0 |a dane 
610 2 0 |a harmonizácia 
610 2 0 |a koordinácia 
610 2 0 |a politika daňová 
610 2 0 |a integrácia ekonomická medzinárodná 
610 2 0 |a právo daňové 
610 2 0 |a zmluvy medzinárodné 
610 2 0 |a konkurencia 
610 2 0 |a politika finančná 
610 2 0 |a zdaňovanie 
610 2 0 |a dane priame 
610 2 0 |a správa daňová 
610 2 0 |a zdanenie dvojité 
610 2 0 |a systémy daňové 
610 2 0 |a porovnanie medzinárodné 
610 2 0 |a Európska únia 
100 1 |a Nerudová, Danuše